World Capitals starting with P (with hints) - Statistics

General Stats
  • This quiz has been taken 35 times
    19 since last reset
  • The average score is 13 of 16
Answer Stats
Continent Capital % Correct
Oceania Palikir
88%
North America Panama City
88%
Europe Paris
88%
Asia Phnom Penh
88%
Oceania Port Moresby
88%
Oceania Port Vila
88%
Europe Prague
88%
Asia Pyongyang
88%
South America Paramaribo
75%
Europe Podgorica
75%
Africa Port Louis
75%
North America Port of Spain
75%
Africa Praia
75%
Europe Pristina
75%
North America Port-au-Prince
63%
Africa Pretoria
50%
No matching quizzes found
Score Distribution
Percent of People with Each Score
Percentile by Number Answered
Your Score History
You have not taken this quiz since the last reset